Aproximacions a la garantia social / Grup de Recerca Educació i Treball (GRET) ; Joaquim Casal, direcció
Descripción Física:
2 v. ; 30 cm
Colección:
Estudis ; 1 , 6
Otros Autores:
Casal i Bataller, Joaquim, dir
MARC
| LEADER | 00000nam a2200000Ia 4500 | ||
|---|---|---|---|
| 001 | 12405, 12391 | ||
| 008 | 160829s1998 - 1999 xx 000 0 cat d | ||
| 080 | |a E-1-33, E-1-39 | ||
| 110 | 1 | |a Universitat Autònoma de Barcelona. |b Institut de Ciències de l'Educació |9 54205 | |
| 245 | |a Aproximacions a la garantia social / Grup de Recerca Educació i Treball (GRET) ; Joaquim Casal, direcció | ||
| 260 | |a Barcelona : |b Diputació de Barcelona. Àrea d'Educació, |c 1998 - 1999 | ||
| 300 | |a 2 v. ; |c 30 cm | ||
| 490 | |a Estudis ; 1 , 6 | ||
| 590 | |a Conté: 1: Cap a un nou enfocament dels PGS; 2: El Servei Local de Garantia Social | ||
| 650 | |a Integració social |x Espanya |9 34289 | ||
| 650 | |a Integració social |x Europa |9 36891 | ||
| 650 | 0 | |a Joves |x Treball |9 26777 | |
| 650 | 0 | |a Formació ocupacional |9 36893 | |
| 700 | |a Casal i Bataller, Joaquim, dir. |9 36894 | ||
| 710 | |a Barcelona (Catalunya : Província). |b Àrea d'Educació |9 8009 | ||
| 901 | |a Arxiu | ||
| 942 | |n 1 | ||
| 952 | |0 0 |1 0 |4 0 |6 E133_E139 |7 1 |9 47556 |a Arxiu |b Arxiu |d 2016-12-01 |l 0 |o E-1-33, E-1-39 |p 12405, 12391 |r 2016-12-01 00:00:00 |w 2016-12-01 |y ARXIU | ||
| 999 | |c 51355 |d 51355 | ||